000 00477nam a2200181Ia 4500
008 100917s9999 xx 000 0 und d
082 _b1970
100 _aगांधी महात्मा
245 _aनीतिधर्म
260 _b---
_c1932
300 _a36
365 _b0.25
520 _aअध्यात्म
630 _aनीतिधर्म
650 _aअध्यात्म
730 _aनीतिधर्म
942 _cBOOK
999 _c607364
_d607361